Responses for Show #5746 - Monday, September 14, 2009

Stefan Goodreau game 6.
First game of Season 26.
New title graphics.
Debut of 2009 Tournament of Champions set as the regular set in the studio.
New Jeopardy! Round dollar value loading pattern and sound effect.
Contestant monitors now revert to Final Jeopardy! logo at show's end.

Contestants

[<< previous game]

Elisabeth Flynn, a museum publicist from Philadelphia, Pennsylvania

Enrique Machado, an oil filtration business developer from Orlando, Florida

Stefan Goodreau, a video game tester and camp counselor from Los Angeles, California (whose 5-day cash winnings total $84,870)

[next game >>]

Jeopardy! Round responses

STATES' FORMER CAPITALS
TOUCHDOWN!
PRACTICAL PARENTING
ELEMENTAL RHYME TIME
STUPID ANSWERS
MORE THAN ONE MEANING
    $200 26
Alabama

Enrique
    $200 1
Joe Montana

Stefan
    $200 6
a car seat

Stefan
    $200 11
a lead sled

Stefan
    $200 16
Independence Hall

Elisabeth
    $200 22
mind

Stefan
    $400 27
Tennessee

Stefan
    $400 2
(Enrique: Who is Brian Piccolo?)
...
(Alex: Brian Piccolo's teammate, [*].)

Gale Sayers

Enrique
Triple Stumper
    $400 7
behavior

Elisabeth
    $400 12
Leon neon

Stefan
    $400 17
the leader

Stefan
    $400 24
graze

Stefan
    $600 28
Georgia

Enrique
    $600 3
Stanford

Enrique
    $600 8
curfew

Stefan
    $600 13
gold mold

Stefan
    $600 18
the Moscow River

Stefan
    $3,000 23
corporal

Stefan
    $800 29
(Enrique: What is Pennsylvania?)

New York

EnriqueElisabeth
    $800 4
Jim Brown

Enrique
    $800 9
(Enrique: What is Ugive?)

Upromise

Enrique
Triple Stumper
    $800 14
a copper shopper

Enrique
    $800 19
Goodyear

Stefan
    $800 21
riddle

Enrique
    $1000 30
Rhode Island

Enrique
    $1000 5
Doug Flutie

Enrique
    $1000 10
(Stefan: What is sudden infant death syndrome?)

Reye's syndrome

Stefan
Triple Stumper
    $1000 15
a zinc drink

Stefan
    $1000 20
[ERRATUM: Leonardo da Vinci was born in 1452 and died in 1519.]

Vinci

Stefan
    $1000 25
stem

Stefan

Scores at the first commercial break (after clue 12):

Stefan Enrique Elisabeth
$600 $1,200 $400

Scores at the end of the Jeopardy! Round:

Stefan Enrique Elisabeth
$10,000 $3,800 $1,400

Double Jeopardy! Round responses

PAINTINGS
NAME THAT MOVIE
RIOT!
NO, I DON'T NEED A DOCTOR
COLORFUL BOOKS
MONEY TALKS
    $400 1
Stonehenge

Stefan
    $400 6
Gone with the Wind

Stefan
    $400 26
Athens

Elisabeth
    $400 11
(Elisabeth: What is tone deaf?)

tin ear

EnriqueElisabeth
    $400 16
Green

Stefan
    $400 21
wooden nickels

Elisabeth
    $800 2
a beard

Enrique
    $800 7
Monty Python and the Holy Grail

Stefan
    $3,000 27
(Elisabeth: Uh, what is Port-au-Prince?)

rice

Elisabeth
    $800 12
a hot-head

Enrique
    $800 17
Brown

Stefan
    $800 22
two bits

Stefan
    $1,200 3
unemployment

Enrique
    $1200 8
Planet of the Apes

Stefan
    $1200 28
the Bastille

Enrique
    $1200 13
(Enrique: What is yellow mustard?)

chopped liver

StefanEnrique
    $1200 18
Purple

Elisabeth
    $1200 23
a red cent

Stefan
    $1600 4
Diego Velázquez

Stefan
    $1600 9
Forrest Gump

Stefan
    $1600 29
(Elisabeth: What is Chicago?)

Detroit

EnriqueElisabeth
    $1600 14
soft shoulder

Enrique
    $1600 19
White

Triple Stumper
    $1600 24
(Enrique: What is a dime? A dozen?... What is [*]?)
(Alex: Yes, it's better when you put 'em together.)

a dime a dozen

Enrique
    $2000 5
the Horatii

Triple Stumper
    $2000 10
Pulp Fiction

Enrique
    $2000 30
Notting Hill

Elisabeth
    $2000 15
a claw foot

Stefan
    $2000 20
Silver

Triple Stumper
    $2000 25
a sawbuck

Enrique

Scores at the end of the Double Jeopardy! Round:

Stefan Enrique Elisabeth
$22,400 $15,800 $400

[wagering suggestions for these scores]

Final Jeopardy! Round responses

WORD ORIGINS
(Alex: The bird is the snipe. The British soldiers used to practice by shooting at snipes, and that's how you got to be [*].)
...
(Alex: And here's Enrique Machado doing his Deney Terrio bit.)
ElisabethWhat is a duck bill?
$399
EnriqueWhat a sniper?
$14,999
StefanWhat is eagle eye? x
$9,201
a sniper

Final scores:

Stefan Enrique Elisabeth
$13,199 $30,799 $1
2nd place: $2,000 New champion: $30,799 3rd place: $1,000

Game dynamics:

Coryat scores:

Stefan Enrique Elisabeth
$20,000 $15,800 $3,400
28 R
(including 1 DD),
1 W
18 R
(including 1 DD),
4 W
7 R,
3 W
(including 1 DD)

Combined Coryat: $39,200

[game clues] [game scores] [suggest correction]

Game tape date: 2009-07-28
The J! Archive is created by fans, for fans. Scraping, republication, monetization, and malicious use prohibited; this site may use cookies and collect identifying information. See terms. The Jeopardy! game show and all elements thereof, including but not limited to copyright and trademark thereto, are the property of Jeopardy Productions, Inc. and are protected under law. This website is not affiliated with, sponsored by, or operated by Jeopardy Productions, Inc. Join the discussion at JBoard.tv.